Management of materials research (Record no. 357410)

000 -LEADER
fixed length control field 00438cam a22001337a 4500
008 - FIXED-LENGTH DATA ELEMENTS--GENERAL INFORMATION
fixed length control field 180718b1962 xxu||||| |||| 00| 0 eng d
082 ## - DEWEY DECIMAL CLASSIFICATION NUMBER
Classification number T25084 Am35m
245 ## - TITLE STATEMENT
Title Management of materials research
Statement of responsibility, etc. edited by Dan H. Feen
260 ## - PUBLICATION, DISTRIBUTION, ETC.
Place of publication, distribution, etc. New York
Name of publisher, distributor, etc. Intersciene
Date of publication, distribution, etc. 1962
300 ## - PHYSICAL DESCRIPTION
Extent 171p.
650 ## - SUBJECT ADDED ENTRY--TOPICAL TERM
Topical term or geographic name entry element Research, Industrial --Congresses
700 ## - ADDED ENTRY--PERSONAL NAME
Personal name American Institute of Mining Metallurgical and Petroleum Engineers
700 ## - ADDED ENTRY--PERSONAL NAME
Personal name Fenn, Dan H.
Holdings
Withdrawn status Lost status Damaged status Not for loan Permanent Location Current Location Date acquired Full call number Barcode Date last seen Price effective from Koha item type
        Indian Institute of Public Administration Indian Institute of Public Administration 1994-01-13 T25084 Am35m 36717 2018-07-21 2018-07-21 Book

Powered by Koha